| 000 | 00485cam a2200193ua 4500 | ||
|---|---|---|---|
| 003 | OSt | ||
| 005 | 20260124141220.0 | ||
| 008 | 260124b |||||||| |||| 00| 0 eng d | ||
| 041 | _aeng | ||
| 082 |
_a690 _bDES/TR |
||
| 100 | _aDeshpande, R.S . | ||
| 245 | _aTreatise on building construction / | ||
| 250 | _a10 / | ||
| 260 |
_aPoona : _bUnited book corporation , _c1964. |
||
| 300 | _a397 ; . | ||
| 700 | 1 |
_aVaetak, G V . _97848 |
|
| 700 | 1 |
_aVartak, G.V . _93278 |
|
| 942 | _cBK | ||
| 999 |
_c2464 _d2464 |
||